Polityka gospodarcza i przemiany strukturalne.
Prejav poľského senátora na senátnej ekonomickej komisii, v ktorom sa dotýka štyroch problémov. Podmienky všeobecných premien systému a všeobecného hodnotenia predpokladov vládneho programu. Súčasná situácia a nevyhnutné úpravy programu. Poľnohospodárska a potravinová politika. Dlhodobá politika a š...
Salvato in:
| Autore principale: | |
|---|---|
| Natura: | Capitolo di libro |
| Lingua: | polacco |
| Soggetti: | |
| Tags: |
Nessun Tag, puoi essere il primo ad aggiungerne!!
|
MARC
| LEADER | 00000naa a2200000 4500 | ||
|---|---|---|---|
| 001 | r002336 | ||
| 005 | 20220819192500.0 | ||
| 041 | 0 | |a pol | |
| 044 | |a PL | ||
| 245 | 1 | 0 | |a Polityka gospodarcza i przemiany strukturalne. |c J. Dietl |
| 520 | |a Prejav poľského senátora na senátnej ekonomickej komisii, v ktorom sa dotýka štyroch problémov. Podmienky všeobecných premien systému a všeobecného hodnotenia predpokladov vládneho programu. Súčasná situácia a nevyhnutné úpravy programu. Poľnohospodárska a potravinová politika. Dlhodobá politika a štruktúrne zmeny. | ||
| 610 | 2 | 0 | |a politika hospodárska |
| 610 | 2 | 0 | |a PR |
| 610 | 2 | 0 | |a zmeny štruktúrne |
| 610 | 2 | 0 | |a mechanizmus hospodársky |
| 610 | 2 | 0 | |a programy vládne |
| 610 | 2 | 0 | |a politika poľnohospodárska |
| 610 | 2 | 0 | |a stratégia hospodárska |
| 100 | 1 | |a Dietl, J. | |